000 00626nam a2200241Ia 4500
003 OSt
005 20220925203054.0
006 a|||||r|||| 00| 0
007 ta
008 220923b |||||||| |||| 00| 0 eng d
037 _cGeneral Book
040 _aRTL
_cRTL
_beng
041 _2eng
_aeng
082 _a2:7, L8;N6
100 _aKrishan Kumar
245 0 _aRefernce service
250 _a5th
260 _adelhi
_bVikas India
_c1996
300 _a447p. Bib chapterwise
_ccm.
650 _aLibrary Sicence
_9231926
942 _h2:7, L8;N6
_cGB
_2CC
999 _c545094
_d545094